000
00285nam a2200133Ia 4500
100
_a
Vijayvergiya/P.N
942
_c
BK
654
_a
machine
245
_a
Machine Drawing
260
_b
New Asia Publishers
_a
Delhi
_c
1977
082
_a
604.24
_b
VIJ
300
_a
312
546
_a
ENGLISH
999
_c
35564
_d
35564